Ciudadelas de la soberbia. Agresión sexual, responsabilización y reconciliación.
Bewaard in:
| Hoofdauteur: | |
|---|---|
| Formaat: | Onbekend |
| Taal: | Engels |
| Gepubliceerd in: |
Barcelona, España:
Paidós,
2022.
|
| Reeks: | Colección Estado y Sociedad.
|
| Onderwerpen: | |
| Tags: |
Voeg label toe
Geen labels, Wees de eerste die dit record labelt!
|
MARC
| LEADER | 00000 a2200000 4500 | ||
|---|---|---|---|
| 003 | CL-VaPUC | ||
| 005 | 20240104160806.0 | ||
| 008 | 231221t2022 ||||| |||| 00| 0 eng d | ||
| 999 | |c 442589 |d 442587 | ||
| 020 | |a 978-84-493-3932-5 | ||
| 040 | |c Pontificia Universidad Católica de Valparaíso | ||
| 082 | |2 22 |a 364.153 NUS 2022 | ||
| 100 | |a Nussbaum, Martha C. |9 877406 |e autora | ||
| 245 | |a Ciudadelas de la soberbia. |b Agresión sexual, responsabilización y reconciliación. | ||
| 260 | |a Barcelona, España: |b Paidós, |c 2022. | ||
| 300 | |a 391 páginas. | ||
| 490 | |a Colección Estado y Sociedad. | ||
| 583 | |k GC |c 20231221 | ||
| 650 | 0 | |9 475641 |a Abuso sexual |x Aspectos sociales y legislativos | |
| 650 | 0 | |9 412527 |a Masculinidad |x Abuso de poder | |
| 942 | |2 ddc |c BK | ||
| 952 | |0 0 |1 0 |2 ddc |4 0 |6 364_153000000000000_NUS_2022 |7 0 |8 A |9 592988 |a BIBGIM |b BIBGIM |c GEN |d 2023-12-20 |e 189 |g 23925.00 |i 5659911 |l 1 |o 364.153 NUS 2022 |p 5659911 |r 2025-01-15 |s 2024-11-20 |t 1 |v 23925.00 |w 2023-12-20 |y BK |k SSL | ||